schafter - wszystkie piosenki (update 2025) - Statystyki

Ogólne statystyki
  • Ten quiz został rozwiązany 254 razy
    49 od ostatniego zresetowania
  • Średni wynik to 25 z 93
Statystyki odpowiedzi
ALBUM PIOSENKA
% Poprawnych
Audiotele hot coffee
80%
Audiotele bigos
72%
club2020 O.N.A.
72%
Ramotka ONA
72%
hors d'oeuvre pub
72%
hors d'oeuvre tom & jerry
72%
hors d'oeuvre cameltoe
64%
hors d'oeuvre candy.doll
64%
Audiotele double D's
60%
Futura intro
60%
hors d'oeuvre blow off
52%
Futura outro
52%
Audiotele pejzaż
52%
Audiotele aperitif
48%
hors d'oeuvre miami 1999
48%
Audiotele pager
48%
Futura swimming lessons
48%
Audiotele włosy
48%
Audiotele akt zgonu in blanco
44%
Futura eskeemos
44%
Audiotele martin shkreli freestyle
44%
Audiotele marvin
44%
Futura paryż z okna
44%
Futura www
44%
hors d'oeuvre blur
40%
Futura brak zegarka
40%
Feat DVD
40%
Ramotka SYNKOPY
40%
Futura für jenny
36%
hors d'oeuvre good will hunting
36%
Feat Nametag
36%
Ramotka SIESPRAWDZAM
36%
Audiotele spumante
36%
Singiel Da Vinci
32%
Futura how about tonight?
32%
Audiotele kwaśny diesel
32%
Futura need help
32%
Futura push to talk
32%
Audiotele ridin' round the town w czyimś bel air
32%
Audiotele short & bittersweet
32%
Futura 3.5 karrat
28%
Feat Alert RCB
28%
Audiotele geekin in the booth
28%
club2020 Landlord
28%
Ramotka PATOLOGIA
28%
Audiotele stjärnflocka
28%
Audiotele cirque du soleil
24%
Ramotka KLEJNOTY
24%
Feat Niedziela
24%
Singiel 6s iPhone
20%
Futura bombay
20%
Feat MOONDANCE
20%
Ramotka AFEKT
16%
club2020 CYPHER2022
16%
Ramotka DEEP STATE PROGRAMME
16%
club2020 Deszcz
16%
Singiel Hotel Wolnych Pokoi
16%
Futura mało mi wciąż
16%
Singiel Pagani
16%
Feat Sezon
16%
Feat Weird Flex
16%
Feat WWA NA KXKSIE
16%
Feat 9 Żyć
12%
club2020 Late Night Show
12%
Feat Lepiej nie myśleć
12%
Feat mozarella stick
12%
Singiel #Hot16Challenge2
8%
Singiel MANIFESTYN
8%
Feat porcelana
8%
Ramotka WOLE OPOWIADAC
8%
Singiel Wsiadam w Lexus
8%
club2020 100k Euro
4%
Feat ANOMALIA
4%
Feat Bez Zarzutów
4%
Singiel Budd Dwyer Freestyle
4%
Feat Ciemność
4%
Feat Czy Ty Mnie Słyszysz?
4%
Feat Nintendo
4%
Singiel Oversize
4%
Singiel Skinny White Pimp For Love
4%
Singiel Versace
4%
Singiel Virtual Plaza Problems
4%
Feat Blue
0%
Singiel Car Jacket
0%
Feat Co u Ciebie?
0%
Feat duchy w nas
0%
Singiel elegy driftin
0%
Feat Góra Dół Góra Dół
0%
Feat lexus extended
0%
Feat PareOs.
0%
Feat TO I TAMTO
0%
Feat Wielka Rzecz
0%
Singiel Yung Billy & restaurant posse
0%
Nie znaleziono quizów pasujących do podanych kryteriów
Rozkład punktacji
Procent ludzi z każdym wynikiem
Percentyl według liczby udzielonych odpowiedzi
Twoja historia wyników
Nie rozwiązałeś tego quizu od ostatniego zresetowania